Survay on canine pa vonus in clinic phal heng at takmoa town, kandal province, ការអង្កេតលើជំងឺរាកឈាមលើសុនខ នៅគ្លីនិក ព្យាបាលសត្វ ផល ហេង ក្រុងតាខ្មៅ ខេត្តកណ្ដាល (Record no. 10865)

000 -LEADER
fixed length control field 00715nam a22001337a 4500
040 ## - CATALOGING SOURCE
Transcribing agency RUA
082 ## - DEWEY DECIMAL CLASSIFICATION NUMBER
Classification number VEM VON 2014 B534 Or.1
100 ## - MAIN ENTRY--AUTHOR NAME
Personal name VONG SOVANNARATH; វង្ស សុវណ្ណារ៉ាត់
245 ## - TITLE STATEMENT
Title Survay on canine pa vonus in clinic phal heng at takmoa town, kandal province, ការអង្កេតលើជំងឺរាកឈាមលើសុនខ នៅគ្លីនិក ព្យាបាលសត្វ ផល ហេង ក្រុងតាខ្មៅ ខេត្តកណ្ដាល
260 ## - PUBLICATION, DISTRIBUTION, ETC. (IMPRINT)
Place of publication Phnom Penh
Name of publisher VON
Year of publication 2014
300 ## - PHYSICAL DESCRIPTION
Number of Pages x,32p.
Other physical details ill.
Dimensions 29cm.
856 ## - ELECTRONIC LOCATION AND ACCESS
Uniform Resource Identifier https://drive.google.com/file/d/1lR16OrTCXScZOrStPXSF9KtZgG3hWrqU/view?usp=sharing
942 ## - ADDED ENTRY ELEMENTS (KOHA)
Koha item type VEM
952 ## - LOCATION AND ITEM INFORMATION (KOHA)
Withdrawn status [LOCAL, KOHA] 0
952 ## - LOCATION AND ITEM INFORMATION (KOHA)
Withdrawn status [LOCAL, KOHA] 0
952 ## - LOCATION AND ITEM INFORMATION (KOHA)
Withdrawn status [LOCAL, KOHA] 0
952 ## - LOCATION AND ITEM INFORMATION (KOHA)
Withdrawn status [LOCAL, KOHA] 0
952 ## - LOCATION AND ITEM INFORMATION (KOHA)
Withdrawn status [LOCAL, KOHA] 0
952 ## - LOCATION AND ITEM INFORMATION (KOHA)
Withdrawn status [LOCAL, KOHA] 0
952 ## - LOCATION AND ITEM INFORMATION (KOHA)
Withdrawn status [LOCAL, KOHA] 0
952 ## - LOCATION AND ITEM INFORMATION (KOHA)
Withdrawn status [LOCAL, KOHA] 0
Holdings
Permanent Location Date acquired Koha item type Lost status Shelving location Barcode Current Location Full call number
Library Block B2016-11-23VEM B534A04071Library Block BVEM VON 2014 B534 Or.1
Library Block B2016-11-23VEM B534A04395Library Block BVEM VON 2014 B534 Or.2
Library Block B2016-11-23VEM B534A04450Library Block BVEM VON 2014 B534 Or.3
Library Block B2016-11-23VEM B534A03234Library Block BVEM VON 2014 B534 Or.4
Library Block B2016-11-23VEM B534A04377Library Block BVEM VON 2014 B534 Or.5
Library Block B2016-11-23VEM B534A04302Library Block BVEM VON 2014 B534 Or.6
Library Block B2016-11-23VEM B534A03392Library Block BVEM VON 2014 B534 Or.7
Library Block B2016-11-23VEM B534A04286Library Block BVEM VON 2014 B534 Or.8
មជ្ឈមណ្ឌលឯការនៃសាកលវិទ្យាល័យភូមិន្ទកសិកម្មចំការដូង

Powered by Koha